| 000 | 01046nam0a22002651 4500 | ||
|---|---|---|---|
| 001 | rc\4376749 | ||
| 005 | 20130416143348.5 | ||
| 021 |
_aRU _b[68-23018] |
||
| 035 | _a(NLR Aleph) 008545222 | ||
| 090 |
_a8372114 _c8372114 |
||
| 100 | _a20130416d1968 |||y0rusy50 ca | ||
| 101 | 0 | _arus | |
| 102 | _aRU | ||
| 105 | _ay z ||||| | ||
| 200 | 1 |
_aВопросы советской литературы _eСборник статей _f[Отв. ред. проф. П.С. Выходцев] _gЛенингр. ордена Ленина гос. ун-т им. А.А. Жданова |
|
| 210 |
_aЛенинград _cИзд-во Ленингр. ун-та _d1968 |
||
| 215 |
_a144 с. _d21 |
||
| 606 |
_aСоветская литература _jСборники _2psbo |
||
| 702 | 1 |
_aВыходцев _bП. С. _gПетр Созонтович _4340 |
|
| 712 | 0 | 2 |
_aЛенинградский ун-т им. А. А. Жданова _3RU\NLR\AUTH\882128 |
| 801 | 0 |
_aRU _bNLR _gpsbo |
|
| 801 | 1 |
_aRU _bELAR _2rusmarc |
|
| 852 |
_aNLR _j68-5/1770 |
||
| 942 | _cBOOK | ||
| 980 | _aNB | ||